Světový trh s diamanty dizertačná práca

Gespeichert in:
Bibliographische Detailangaben
1. Verfasser: Šabata, Ondřej
Körperschaft: Fakulta medzinárodných vzťahov EU. Katedra medzinárodných ekonomických vzťahov a hospodárskej diplomacie
Weitere Verfasser: Balhar, Víťazoslav
Format: Buch
Sprache:Tschechisch
Veröffentlicht: Bratislava 2012
Schlagworte:
Tags: Tag hinzufügen
Keine Tags, Fügen Sie das erste Tag hinzu!

MARC

LEADER 00000nbm a2200000 4500
001 0159939
005 20240109073649.3
041 0 |a cze 
044 |a SK 
245 1 0 |a Světový trh s diamanty  |b dizertačná práca  |c Ondřej Šabata ; školiteľ: Víťazoslav Balhar 
264 1 |a Bratislava  |c 2012 
300 |a 180 s. 
610 2 0 |a diamanty 
610 2 0 |a kovy drahé 
610 2 0 |a trh svetový 
100 1 |a Šabata, Ondřej 
700 1 |a Balhar, Víťazoslav 
710 2 |a Fakulta medzinárodných vzťahov EU. Katedra medzinárodných ekonomických vzťahov a hospodárskej diplomacie